000 00542nam a2200193 i 4500
001 49488
003 ES-MaACL
005 20230906161958.0
007 t|
008 030716s1914 sp ||||1| spa d
080 _a75:929 Greco
100 1 _aCossío, Manuel B.,
_d1857-1935
_941019
245 1 3 _aLo que se sabe de la vida del Greco /
_cManuel B. Cossío.
260 _aMadrid :
_b[Clásica Española],
_c1914.
300 _a116 p. ;
_c17 cm.
600 0 4 _aEl Greco.
_946893
852 _aES-MaACL
_jF-2172
999 _c49488
_d49488